Introduction
Salvato in:
| Autore principale: | |
|---|---|
| Altri autori: | , |
| Natura: | Capitolo di libro |
| Lingua: | francese |
| Soggetti: | |
| Tags: |
Nessun Tag, puoi essere il primo ad aggiungerne!!
|
MARC
| LEADER | 00000naa a2200000 4500 | ||
|---|---|---|---|
| 001 | 0308022 | ||
| 005 | 20250408091814.7 | ||
| 041 | 0 | |a fre | |
| 044 | |a CZ | ||
| 245 | 1 | 0 | |a Introduction |c Andrea Tureková, Eva Voldřichová Beránková, Róbert Karul |
| 610 | 2 | 0 | |a filológia |
| 610 | 2 | 0 | |a literatúra |
| 100 | 1 | |a Tureková, Andrea, 1979- | |
| 700 | 1 | |a Voldřichová Beránková, Eva | |
| 700 | 1 | |a Karul, Róbert | |